[Event "2ème Open International de Haute-Bretagn"]
[Site "RENNES - FRANCE"]
[Date "2009.07.16"]
[Round "3.1"]
[White "Le Roux, Jean-Pierre"]
[Black "Foisor, Cristina-Adela"]
[Result "1/2-1/2"]
[WhiteElo "2485"]
[BlackElo "2424"]
[PlyCount "70"]
[EventDate "2009.??.??"]

1. d4 g6 2. e4 Bg7 3. Nf3 d6 4. Bc4 a6 5. O-O e6 6. Bb3 Ne7 7. a4 b6 8. Qe2 O-O
9. Rd1 Bb7 10. a5 Nd7 11. axb6 cxb6 12. c4 Qc7 13. Nc3 h6 14. Be3 Kh7 15. Rac1
f5 16. Bc2 Rac8 17. Bd3 f4 18. Bd2 Qd8 19. g3 Nc6 20. d5 Nce5 21. Nxe5 Bxe5 22.
dxe6 Nc5 23. Nd5 Nxe6 24. Qg4 Nc5 25. Bc2 h5 26. Qh3 fxg3 27. hxg3 Nd7 28. Nf4
Rf6 29. Nd3 Rf7 30. Be3 Qe7 31. b3 Bg7 32. Re1 b5 33. Bb1 bxc4 34. bxc4 Ne5 35.
Nxe5 dxe5 1/2-1/2

[Event "2ème Open International de Haute-Bretagn"]
[Site "RENNES - FRANCE"]
[Date "2009.07.16"]
[Round "3.2"]
[White "Jolly, Jean-Francois"]
[Black "Sriram, Jha"]
[Result "1/2-1/2"]
[WhiteElo "2366"]
[BlackElo "2459"]
[PlyCount "22"]
[EventDate "2009.??.??"]

1. d4 d5 2. c4 c6 3. cxd5 cxd5 4. Nc3 Nf6 5. Nf3 Nc6 6. Bf4 Ne4 7. e3 Nxc3 8.
bxc3 g6 9. c4 Bg7 10. Be2 O-O 11. O-O dxc4 {(=)} 1/2-1/2

[Event "2ème Open International de Haute-Bretagn"]
[Site "RENNES - FRANCE"]
[Date "2009.07.17"]
[Round "3.3"]
[White "Foisor, Sabina-Francesca"]
[Black "Fomichenko, Eduard"]
[Result "1/2-1/2"]
[WhiteElo "2304"]
[BlackElo "2512"]
[PlyCount "135"]
[EventDate "2009.??.??"]

1. d4 d5 2. c4 c6 3. e3 Nf6 4. Nc3 a6 5. Nf3 b5 6. b3 Bg4 7. h3 Bxf3 8. gxf3 e6
9. c5 Nbd7 10. f4 g6 11. Qc2 Bg7 12. Bd2 a5 13. Bd3 O-O 14. a3 Nh5 15. Ne2 Qh4
16. O-O-O f5 17. Rdf1 Qe7 18. Kb1 Ndf6 19. f3 Nd7 20. Be1 Bf6 21. Rfg1 Kf7 22.
Bf2 Bh4 23. Nc1 Rg8 24. Qe2 Rg7 25. Rg2 Rag8 26. Rhg1 Qf6 27. Bxh4 Qxh4 28.
Bxb5 cxb5 29. Qxb5 Qd8 30. Rc2 Kf6 31. Ka2 Qc7 32. c6 Rb8 33. Qe2 Rc8 34. Nd3
Nb8 35. Rgc1 Qb6 36. Ne5 Rgc7 37. Rc5 Kg7 38. Qc2 Nf6 39. Qc3 Ne8 40. e4 fxe4
41. fxe4 Nf6 42. exd5 Nxd5 43. Qe1 Nxc6 44. Nc4 Qb7 45. Rxd5 Nb4+ 46. axb4 Qxd5
47. bxa5 Qxd4 48. Qe5+ Qxe5 49. fxe5 Rc5 50. Rg1 Rb5 51. Re1 g5 52. Ka3 Rcb8
53. Re3 h5 54. Ka4 Rb4+ 55. Ka3 g4 56. hxg4 hxg4 57. Rg3 R4b5 58. Ka4 Rb4+ 59.
Ka3 R8b5 60. Nd6 Rxb3+ 61. Rxb3 Rxa5+ 62. Kb4 Rxe5 63. Nc4 Re4 64. Rg3 Kf6 65.
Kc3 Kg5 66. Kd3 Rf4 67. Ne3 Ra4 68. Rxg4+ 1/2-1/2

[Event "2ème Open International de Haute-Bretagn"]
[Site "RENNES - FRANCE"]
[Date "2009.07.16"]
[Round "3.4"]
[White "Caroff, Frederic"]
[Black "Mladenov, Plamen"]
[Result "1/2-1/2"]
[WhiteElo "2119"]
[BlackElo "2362"]
[PlyCount "94"]
[EventDate "2009.??.??"]

1. e4 c5 2. c3 d6 3. d4 Nf6 4. dxc5 Nc6 5. Bc4 Nxe4 6. Bxf7+ Kxf7 7. Qd5+ e6 8.
Qxe4 d5 9. Qf3+ Qf6 10. Bg5 Qxf3 11. Nxf3 Bxc5 12. Nbd2 a5 13. O-O a4 14. Be3
b6 15. b4 Bxe3 16. fxe3 Ke7 17. e4 dxe4 18. Nxe4 Ba6 19. Rfe1 a3 20. Neg5 Nd8
21. Re3 Rc8 22. Nd4 Bc4 23. Nf5+ Kf6 24. Nd6 Rc6 25. Nge4+ Ke7 26. Nxc4 Rxc4
27. Nd2 Rc7 28. c4 Nc6 29. Rb1 Rd8 30. Ne4 h6 31. c5 bxc5 32. Nxc5 Rd6 33. Ne4
Rd4 34. b5 Nb4 35. Ng3 Kd7 36. Rxa3 Nd5 37. b6 Rb7 38. Ra7 Kc6 39. Rxb7 Kxb7
40. Nh5 Rg4 41. Re1 Kxb6 42. Rxe6+ Kc5 43. Ng3 Ra4 44. Nf5 Rxa2 45. g3 Ra7 46.
Rg6 Ne7 47. Nxe7 Rxe7 1/2-1/2

[Event "2ème Open International de Haute-Bretagn"]
[Site "RENNES - FRANCE"]
[Date "2009.07.16"]
[Round "3.5"]
[White "Piankov, Evgenij"]
[Black "Pecot, Matthias"]
[Result "1-0"]
[WhiteElo "2356"]
[BlackElo "1930"]
[PlyCount "139"]
[EventDate "2009.??.??"]

1. d4 Nf6 2. Nf3 g6 3. Bg5 Bg7 4. Nbd2 d5 5. e3 O-O 6. c4 c6 7. Bd3 Nbd7 8. O-O
a6 9. Bh4 Re8 10. cxd5 cxd5 11. Rc1 Nh5 12. Qc2 Bf6 13. Bxf6 Ndxf6 14. Qc7 Ng7
15. Nb3 Ne6 16. Qc2 Bd7 17. Ne5 Rc8 18. Qd2 Qb6 19. Rc3 Rxc3 20. bxc3 Rc8 21.
c4 dxc4 22. Nxc4 Qa7 23. Ne5 Be8 24. Rc1 Rxc1+ 25. Qxc1 Qb8 26. h3 Kg7 27. Qa3
Qc7 28. Bc4 Qd6 29. Qxd6 exd6 30. Bxe6 fxe6 31. Nc4 d5 32. Nb6 Nd7 33. Na8 Kf6
34. Na5 b6 35. Nc6 a5 36. Nc7 Bf7 37. f4 h6 38. Na8 Be8 39. Nc7 Bf7 40. Kf2 g5
41. Na8 Bg6 42. Ne5 Nxe5 43. fxe5+ Ke7 44. Nxb6 Be8 45. Nc8+ Kd7 46. Nd6 Bg6
47. Nb7 Bb1 48. a3 Bc2 49. Ke2 Kc6 50. Nc5 Kb5 51. Kd2 Bf5 52. g4 Be4 53. Nxe4
dxe4 54. Kc3 a4 55. d5 exd5 56. Kd4 Kc6 57. e6 Kd6 58. e7 Kxe7 59. Kxd5 Kf6 60.
Kxe4 Ke6 61. Kd4 Kd6 62. e4 Kd7 63. Kd5 Ke7 64. e5 Kd7 65. e6+ Ke8 66. Kd6 Kd8
67. e7+ Ke8 68. Ke6 h5 69. gxh5 g4 70. h6 1-0

[Event "2ème Open International de Haute-Bretagn"]
[Site "RENNES - FRANCE"]
[Date "2009.07.16"]
[Round "3.6"]
[White "Collier, Timothy"]
[Black "Song, Julien"]
[Result "0-1"]
[WhiteElo "1920"]
[BlackElo "2319"]
[PlyCount "54"]
[EventDate "2009.??.??"]

1. e4 e6 2. d4 d5 3. Nd2 c5 4. Ngf3 Nf6 5. exd5 exd5 6. Bb5+ Bd7 7. Qe2+ Be7 8.
dxc5 O-O 9. Bxd7 Nbxd7 10. O-O Bxc5 11. Nb3 Bb6 12. Bg5 Re8 13. Qd3 Qc7 14. c3
Re4 15. Bxf6 Nxf6 16. Nbd4 Rd8 17. h3 a6 18. Rad1 Ba7 19. Qb1 h5 20. Rd3 Bb8
21. Qc1 Qc8 22. Rfd1 Bf4 23. Qc2 g5 24. g3 Qxh3 25. gxf4 Ng4 26. Qd2 Rxf4 27.
Re1 Ne3 0-1

[Event "2ème Open International de Haute-Bretagn"]
[Site "RENNES - FRANCE"]
[Date "2009.07.17"]
[Round "3.7"]
[White "Bratanov, Zsivko"]
[Black "Allorant, Adrien"]
[Result "1-0"]
[WhiteElo "2456"]
[BlackElo "2072"]
[PlyCount "65"]
[EventDate "2009.??.??"]

1. e4 c5 2. Nf3 g6 3. d4 cxd4 4. Qxd4 Nf6 5. e5 Nc6 6. Qa4 Nd5 7. Qb3 Nc7 8.
Bc4 Ne6 9. O-O Bg7 10. Bxe6 fxe6 11. Bf4 O-O 12. Bg3 b6 13. Na3 Bb7 14. Rad1 a6
15. Qd3 Bc8 16. c4 Qc7 17. Rfe1 Rf5 18. Nc2 a5 19. Ncd4 Nb4 20. Qe2 Rf8 21. Nb5
Qb8 22. b3 Rd8 23. h4 Bb7 24. h5 gxh5 25. Ng5 Bc6 26. Qxh5 h6 27. Nf7 Kh7 28.
Nxh6 Bxh6 29. Bf4 Rh8 30. Qf7+ Bg7 31. Re3 Bxg2 32. Kxg2 Qb7+ 33. f3 1-0

[Event "2ème Open International de Haute-Bretagn"]
[Site "RENNES - FRANCE"]
[Date "2009.07.16"]
[Round "3.8"]
[White "Mocquard, Yves"]
[Black "Okhotnik, Vladimir"]
[Result "0-1"]
[WhiteElo "2030"]
[BlackElo "2449"]
[PlyCount "66"]
[EventDate "2009.??.??"]

1. d4 g6 2. c4 Bg7 3. e4 d6 4. Nc3 c5 5. d5 Bxc3+ 6. bxc3 f5 7. Bd3 Qa5 8. Bd2
Nd7 9. exf5 Ne5 10. Bc2 Bxf5 11. Bxf5 gxf5 12. Qh5+ Kd8 13. Qxf5 Nf6 14. Ne2
Qa4 15. Bg5 Qxc4 16. Bxf6 exf6 17. Qxf6+ Kc7 18. Qe7+ Nd7 19. Rb1 b5 20. Rb2
Rae8 21. Qg7 Rhg8 22. Qf7 Qxc3+ 23. Rd2 Rgf8 24. Qxh7 Rxe2+ 25. Kxe2 Re8+ 26.
Kd1 Qa1+ 27. Kc2 Qxh1 28. g4 Qa1 29. Qd3 Qxa2+ 30. Kd1 Qa1+ 31. Kc2 Re1 32.
Qxb5 Qc1+ 33. Kd3 Ne5# 0-1

[Event "2ème Open International de Haute-Bretagn"]
[Site "RENNES - FRANCE"]
[Date "2009.07.18"]
[Round "3.9"]
[White "Terrieux, Kevin"]
[Black "Le Gallo, Frederic"]
[Result "*"]
[WhiteElo "2442"]
[BlackElo "2041"]
[PlyCount "78"]
[EventDate "2009.??.??"]

1. d4 Nf6 2. c4 g6 3. Nc3 d5 4. cxd5 Nxd5 5. Bd2 Nb6 6. Nf3 Bg7 7. e4 O-O 8.
Be3 Bg4 9. Be2 Bxf3 10. gxf3 Nc6 11. d5 Ne5 12. Qb3 a5 13. a4 Qc8 14. h3 Ned7
15. Rc1 Qd8 16. h4 h5 17. f4 Nf6 18. Bf3 Qd7 19. Nb5 Rac8 20. Ke2 Ng4 21. Bxg4
Qxg4+ 22. f3 Qd7 23. Rhg1 c6 24. Na7 cxd5 25. Bxb6 Rxc1 26. Rxc1 dxe4 27. fxe4
Qg4+ 28. Qf3 Qxh4 29. e5 e6 30. Bf2 Qd8 31. Qd3 Qa8 32. Rc7 Bh6 33. Qc4 b6 34.
Nc6 b5 35. axb5 a4 36. b6 a3 37. b7 axb2 38. bxa8=Q b1=Q 39. Qaa2 Qf5 *

[Event "2ème Open International de Haute-Bretagn"]
[Site "RENNES - FRANCE"]
[Date "2009.07.16"]
[Round "3.10"]
[White "Guisset, Philippe"]
[Black "Dobrev, Nanko"]
[Result "0-1"]
[WhiteElo "1985"]
[BlackElo "2352"]
[PlyCount "104"]
[EventDate "2009.??.??"]

1. c4 e5 2. g3 Nc6 3. Bg2 g6 4. Nc3 Bg7 5. d3 d6 6. e4 Nge7 7. Nge2 O-O 8. O-O
Be6 9. h3 Qd7 10. Kh2 f5 11. f4 Kh8 12. Nd5 Ng8 13. Qa4 fxe4 14. dxe4 Nd4 15.
Qxd7 Bxd7 16. Rf2 c6 17. Nb4 Be6 18. Nxd4 exd4 19. Rc2 a5 20. Nd3 c5 21. a4 Ra6
22. b3 Ne7 23. Ba3 Raa8 24. Rd1 b6 25. Re2 Rad8 26. Kg1 Rf7 27. Rf1 Nc8 28. Rc2
h5 29. Bc1 Rdf8 30. Kh1 Ra7 31. Ra2 Ne7 32. Kh2 Kh7 33. Bf3 Nc6 34. Raf2 Re8
35. Kg2 Bf7 36. g4 Rae7 37. Re1 Bf6 38. g5 Bg7 39. Bd2 Nd8 40. Rfe2 b5 41. Rc1
bxc4 42. bxc4 Rb7 43. f5 Rb3 44. Nf4 Be5 45. fxg6+ Bxg6 46. Nxh5 Rxf3 47. Nf6+
Bxf6 48. Kxf3 Bh5+ 49. Kf2 Bxe2 50. Kxe2 Bg7 51. Kd3 Nc6 52. Re1 Ne5+ 0-1

[Event "2ème Open International de Haute-Bretagn"]
[Site "RENNES - FRANCE"]
[Date "2009.07.16"]
[Round "3.11"]
[White "Milchev, Nikolay"]
[Black "Schmouchkovitch, Michel"]
[Result "1-0"]
[WhiteElo "2351"]
[BlackElo "1996"]
[PlyCount "93"]
[EventDate "2009.??.??"]

1. c4 e6 2. g3 f5 3. Bg2 Nf6 4. Nc3 Be7 5. d4 O-O 6. Qc2 d5 7. cxd5 exd5 8. Bg5
c6 9. Bxf6 Bxf6 10. e3 Na6 11. h4 h5 12. Nge2 g6 13. a3 Nc7 14. Nf4 Kg7 15. b4
a6 16. Na4 Qe7 17. Qc5 Re8 18. Qxe7+ Rxe7 19. Kd2 Nb5 20. Kd3 Nd6 21. Nb6 Rb8
22. Rhc1 Bd7 23. Ra2 Rbe8 24. Rac2 Bc8 25. Nfxd5 cxd5 26. Nxc8 Rxc8 27. Rxc8
Nxc8 28. Rxc8 Rd7 29. Bf3 Kf7 30. Bd1 Bd8 31. Ba4 Rd6 32. Rb8 b6 33. Rb7+ Kf8
34. Bb3 Ke8 35. Ke2 Be7 36. Ra7 b5 37. Kf3 Kf7 38. Rc7 Ke6 39. Rc8 Rd8 40. Rc6+
Rd6 41. Rc7 Rd8 42. Ke2 Rd6 43. Kd3 Rd8 44. Ra7 Rd6 45. f3 Kf6 46. Rc7 g5 47.
hxg5+ 1-0

[Event "2ème Open International de Haute-Bretagn"]
[Site "RENNES - FRANCE"]
[Date "2009.07.16"]
[Round "3.12"]
[White "Mandon, Fabrice"]
[Black "Melloul, Claude"]
[Result "0-1"]
[WhiteElo "2251"]
[BlackElo "2019"]
[PlyCount "42"]
[EventDate "2009.??.??"]

1. e4 c5 2. Nf3 Nc6 3. d4 cxd4 4. Nxd4 g6 5. Be3 Nf6 6. Nc3 Bg7 7. Bc4 O-O 8.
f3 Qb6 9. Bb3 Nxe4 10. Nd5 Qa5+ 11. c3 Nc5 12. Nxc6 dxc6 13. Nxe7+ Kh8 14. Nxc8
Raxc8 15. O-O Rcd8 16. Qc2 Rfe8 17. Bf2 Ne6 18. Rfe1 Qg5 19. Rad1 Rxd1 20. Qxd1
Rd8 21. Qc1 Nf4 0-1

[Event "2ème Open International de Haute-Bretagn"]
[Site "RENNES - FRANCE"]
[Date "2009.07.16"]
[Round "3.13"]
[White "Fomichenko, Svetlana"]
[Black "Le Meur, Jean-Pierre"]
[Result "1-0"]
[WhiteElo "2245"]
[BlackElo "1942"]
[PlyCount "47"]
[EventDate "2009.??.??"]

1. e4 c5 2. Nf3 Nc6 3. d4 cxd4 4. Nxd4 e5 5. Nb5 a6 6. Nd6+ Bxd6 7. Qxd6 Qf6 8.
Qd1 Qg6 9. Nc3 Nge7 10. h4 h5 11. Bg5 f6 12. Be3 d5 13. Nxd5 Nxd5 14. Qxd5 Nb4
15. Qc4 Nc6 16. O-O-O Bd7 17. Bb6 Ne7 18. Qc7 Be6 19. Qxb7 Kf7 20. Bc5 Rae8 21.
Bxa6 Rhf8 22. Bb5 Kg8 23. Bxe8 Rxe8 24. Bxe7 1-0

[Event "2ème Open International de Haute-Bretagn"]
[Site "RENNES - FRANCE"]
[Date "2009.07.17"]
[Round "3.14"]
[White "Quellec, Yannick"]
[Black "Crouan, Stephane"]
[Result "0-1"]
[WhiteElo "1900"]
[BlackElo "2234"]
[PlyCount "74"]
[EventDate "2009.??.??"]

1. e4 c5 2. d3 Nc6 3. f4 g6 4. Nf3 Bg7 5. Be2 e6 6. O-O Nge7 7. a4 O-O 8. c3 b6
9. Nbd2 d6 10. Nc4 Ba6 11. Ne3 Qd7 12. Qe1 f5 13. Qh4 Rae8 14. Rb1 fxe4 15. Ng5
h6 16. Nxe4 Nf5 17. Qh3 d5 18. Nf2 d4 19. Nxf5 exf5 20. Bf3 Bb7 21. g4 dxc3 22.
bxc3 Ne7 23. Bd2 Bxf3 24. Qxf3 Qxa4 25. gxf5 gxf5 26. Nh1 Qc6 27. Qh3 Nd5 28.
Ng3 Nxc3 29. Bxc3 Bxc3 30. Nxf5 Qg6+ 31. Ng3 Re3 32. f5 Qg5 33. Rbd1 Be5 34.
Kh1 Bxg3 35. f6 Kh8 36. Rf5 Bf4 37. Qxe3 Bxe3 0-1

[Event "2ème Open International de Haute-Bretagn"]
[Site "RENNES - FRANCE"]
[Date "2009.07.16"]
[Round "3.15"]
[White "Arnaud, Jean-Paul"]
[Black "Suez-Panama, Gilles"]
[Result "0-1"]
[WhiteElo "1884"]
[BlackElo "2122"]
[PlyCount "76"]
[EventDate "2009.??.??"]

1. e4 e6 2. d4 d5 3. Nd2 Nf6 4. e5 Nfd7 5. Bd3 c5 6. c3 Nc6 7. Ne2 cxd4 8. cxd4
f6 9. exf6 Qxf6 10. Nf3 h6 11. O-O Bd6 12. a3 O-O 13. Bc2 Rf7 14. Ng3 Nf8 15.
b4 Bd7 16. Bb2 b5 17. Qd3 Be8 18. Rfe1 Rc7 19. Ne5 Rac8 20. Bd1 a6 21. Re3 Ng6
22. Rf3 Ngxe5 23. dxe5 Nxe5 24. Bxe5 Qxe5 25. Rb1 Rc3 26. Qf1 Bg6 27. Rxc3 Rxc3
28. Rb3 Bd3 29. f4 Qe3+ 30. Qf2 Qxf2+ 31. Kxf2 Rxb3 32. Bxb3 Bxf4 33. Nh5 Bc1
34. a4 Bd2 35. axb5 Bxb5 36. h3 Kf7 37. g4 g6 38. Ng3 Bxb4 0-1

[Event "2ème Open International de Haute-Bretagn"]
[Site "RENNES - FRANCE"]
[Date "2009.07.16"]
[Round "3.16"]
[White "Theon, Pierre"]
[Black "Purenne, Benoit"]
[Result "0-1"]
[WhiteElo "2121"]
[BlackElo "1885"]
[PlyCount "58"]
[EventDate "2009.??.??"]

1. e4 c5 2. Nf3 e6 3. d4 cxd4 4. Nxd4 a6 5. f4 b6 6. Be3 Bb7 7. Bd3 Nf6 8. Nd2
Bc5 9. c3 O-O 10. g4 d5 11. e5 Ne4 12. g5 Bxd4 13. cxd4 Nc6 14. Nxe4 dxe4 15.
Bxe4 Rc8 16. O-O Qe7 17. Qf3 Rfd8 18. Rad1 Qb4 19. Rf2 Qa4 20. b3 Qb4 21. Rfd2
Ba8 22. d5 Ne7 23. Rd4 Qc3 24. dxe6 Rxd4 25. exf7+ Kf8 26. Rxd4 Nf5 27. Bxa8
Qe1+ 28. Qf1 Qxe3+ 29. Qf2 Rc1+ 0-1

[Event "2ème Open International de Haute-Bretagn"]
[Site "RENNES - FRANCE"]
[Date "2009.07.16"]
[Round "3.17"]
[White "Pozuelo, Jose"]
[Black "Collet, Davy"]
[Result "1-0"]
[WhiteElo "2080"]
[BlackElo "1819"]
[PlyCount "69"]
[EventDate "2009.??.??"]

1. e4 c5 2. Nc3 Nc6 3. g3 g6 4. Bg2 Bg7 5. d3 d6 6. f4 e6 7. Nf3 Nge7 8. O-O
O-O 9. Be3 Nd4 10. Bf2 Nec6 11. Qd2 Rb8 12. Nd1 Qc7 13. Nh4 Ne7 14. c3 Ndc6 15.
g4 f5 16. gxf5 exf5 17. Kh1 b6 18. Bg3 Bb7 19. Ne3 Nd8 20. Rae1 Nf7 21. exf5
Bxg2+ 22. Qxg2 Nh6 23. fxg6 hxg6 24. Nd5 Nxd5 25. Qxd5+ Kh7 26. Re6 Rf6 27.
Rfe1 Qb7 28. Qxb7 Rxb7 29. Re8 Nf5 30. Nf3 Bh6 31. Kg2 Nxg3 32. hxg3 Rf8 33.
R8e6 Rd7 34. Rh1 Rdf7 35. Ng5+ 1-0

[Event "2ème Open International de Haute-Bretagn"]
[Site "RENNES - FRANCE"]
[Date "2009.07.16"]
[Round "3.18"]
[White "Andonov, Bogomil"]
[Black "Aubry, Yannis"]
[Result "1-0"]
[WhiteElo "2311"]
[BlackElo "1954"]
[PlyCount "97"]
[EventDate "2009.??.??"]

1. Nf3 c5 2. c4 Nc6 3. d4 cxd4 4. Nxd4 g6 5. e4 Bg7 6. Be3 Nf6 7. Nc3 Ng4 8.
Qxg4 Nxd4 9. Qd1 Ne6 10. Qd2 Qa5 11. Rc1 b6 12. b3 Bb7 13. f3 g5 14. Nd5 Qxd2+
15. Kxd2 Rc8 16. Bd3 h6 17. b4 Bd4 18. h4 Bxe3+ 19. Kxe3 Rg8 20. hxg5 hxg5 21.
e5 b5 22. g3 Kd8 23. Rhd1 Rh8 24. Rh1 Rg8 {(=)} 25. Rhd1 Rh8 26. Rc2 Rh3 27.
Bf5 Rxg3 28. Rh1 Nf8 29. Rh8 Ke8 30. Kf2 Rxf3+ 31. Kxf3 e6 32. cxb5 Bxd5+ 33.
Ke3 Rxc2 34. Bxc2 Bxa2 35. Rh1 Bc4 36. Ra1 Bxb5 37. Rxa7 Ng6 38. Bxg6 fxg6 39.
Kd4 Bc6 40. Kc5 g4 41. b5 Bf3 42. b6 Kd8 43. Kd6 Kc8 44. Rc7+ Kb8 45. Kxd7 g3
46. Kxe6 g2 47. Rc1 Be2 48. Rg1 Bf3 49. Kd7 1-0

[Event "2ème Open International de Haute-Bretagn"]
[Site "RENNES - FRANCE"]
[Date "2009.07.16"]
[Round "3.19"]
[White "Le Goff, Damien"]
[Black "Belouassa, Aurelien"]
[Result "1-0"]
[WhiteElo "2270"]
[BlackElo "1550"]
[PlyCount "45"]
[EventDate "2009.??.??"]

1. e4 e5 2. Nf3 Nc6 3. Bb5 a6 4. Ba4 Nf6 5. Qe2 Bc5 6. c3 b5 7. Bb3 O-O 8. d3
d6 9. Bg5 h6 10. Bh4 Bg4 11. h3 Bh5 12. Bd5 Qd7 13. Bxf6 gxf6 14. g4 Bg6 15.
Nbd2 Rad8 16. Nf1 Ne7 17. Bb3 c6 18. Ng3 Nc8 19. Nh4 Bh7 20. Qd2 Kh8 21. Qxh6
Qe7 22. Ngf5 Qd7 23. Qg7# 1-0

[Event "2ème Open International de Haute-Bretagn"]
[Site "RENNES - FRANCE"]
[Date "2009.07.16"]
[Round "3.20"]
[White "Dubessay, Bastien"]
[Black "Le Marec, Laura"]
[Result "1-0"]
[WhiteElo "2168"]
[BlackElo "1550"]
[PlyCount "63"]
[EventDate "2009.??.??"]

1. d4 d5 2. c4 e6 3. Nc3 Nf6 4. cxd5 exd5 5. Bg5 Be7 6. e3 c6 7. Qc2 Nbd7 8.
Bd3 O-O 9. Nf3 Re8 10. O-O Nf8 11. h3 a6 12. Ne5 Qc7 13. Bxf6 Bxf6 14. Nxd5 Qd8
15. Nxf6+ Qxf6 16. f4 Qe7 17. Rae1 f6 18. Nf3 Bd7 19. e4 b5 20. f5 Rac8 21. e5
fxe5 22. Nxe5 Qd6 23. Re4 c5 24. dxc5 Rxc5 25. Qb3+ Qd5 26. Nxd7 Qxb3 27. axb3
Rcc8 28. Nxf8 Kxf8 29. f6 Rxe4 30. Bxe4 gxf6 31. Rxf6+ Kg7 32. Rxa6 1-0

[Event "2ème Open International de Haute-Bretagn"]
[Site "RENNES - FRANCE"]
[Date "2009.07.17"]
[Round "3.21"]
[White "Le Marec, Simon"]
[Black "Deceneux, Christophe"]
[Result "1-0"]
[WhiteElo "2064"]
[BlackElo "1499"]
[PlyCount "43"]
[EventDate "2009.??.??"]

1. Nf3 d5 2. g3 c5 3. c4 d4 4. b4 cxb4 5. a3 bxa3 6. Bxa3 g6 7. Bg2 Bg7 8. d3
Nc6 9. O-O Nf6 10. Nbd2 O-O 11. Qb1 Re8 12. Qb2 e5 13. Ng5 Ng4 14. Nxf7 Kxf7
15. Bd5+ Be6 16. Qxb7+ Ne7 17. Bxe7 Qxe7 18. Bxe6+ Kxe6 19. Qd5+ Kf5 20. h4 Nf6
21. g4+ Kxg4 22. Qg2+ 1-0

[Event "2ème Open International de Haute-Bretagn"]
[Site "RENNES - FRANCE"]
[Date "2009.07.17"]
[Round "3.22"]
[White "Panaget, Bruno"]
[Black "Jouneau, Quentin"]
[Result "0-1"]
[WhiteElo "1499"]
[BlackElo "2007"]
[PlyCount "48"]
[EventDate "2009.??.??"]

1. d3 d5 2. g3 e5 3. Nf3 Bd6 4. Bg2 Bg4 5. h3 Bh5 6. c4 c6 7. Nc3 d4 8. Ne4 f5
9. Nxd6+ Qxd6 10. O-O Nf6 11. b4 Nbd7 12. c5 Qc7 13. Bb2 Nd5 14. Nd2 N7f6 15.
Nc4 O-O 16. Qd2 f4 17. Nd6 fxg3 18. Qg5 Bxe2 19. Qxg3 Bxf1 20. Rxf1 Nf4 21. Qg5
Nxg2 22. Kxg2 Nd5 23. Qxe5 Nf4+ 24. Kh1 Qd7 0-1

[Event "2ème Open International de Haute-Bretagn"]
[Site "RENNES - FRANCE"]
[Date "2009.07.17"]
[Round "3.24"]
[White "Pascot, Jean"]
[Black "Taube, Gregor"]
[Result "0-1"]
[WhiteElo "1914"]
[BlackElo "1835"]
[PlyCount "59"]
[EventDate "2009.??.??"]

1. e4 e5 2. Nf3 Nc6 3. Bc4 Bc5 4. O-O Nf6 5. b4 Bxb4 6. c3 Ba5 7. d4 O-O 8. Bg5
d6 9. Qd3 Bb6 10. a4 a5 11. Nbd2 Bg4 12. Bd5 exd4 13. Bxc6 bxc6 14. cxd4 Re8
15. Qc2 Qd7 16. Bxf6 gxf6 17. Rfe1 Re7 18. Qc3 Rae8 19. Ra3 f5 20. Nh4 fxe4 21.
d5 e3 22. fxe3 Rxe3 23. Rxe3 Rxe3 24. Qxe3 Bxe3+ 25. Rxe3 Qd8 26. Ndf3 Bxf3 27.
Nxf3 cxd5 28. Nd4 Qf6 29. Nb5 Qa1+ 30. Kf2 0-1

[Event "2ème Open International de Haute-Bretagn"]
[Site "RENNES - FRANCE"]
[Date "2009.07.18"]
[Round "3.25"]
[White "Siclet, Mathieu"]
[Black "Ferrandi, Bernard"]
[Result "1-0"]
[WhiteElo "1816"]
[BlackElo "1912"]
[PlyCount "73"]
[EventDate "2009.??.??"]

1. e4 e5 2. Nf3 Nc6 3. Bb5 a6 4. Ba4 Nf6 5. O-O b5 6. Bb3 Be7 7. Re1 d6 8. c3
Bg4 9. d3 a5 10. Nbd2 a4 11. Bc2 d5 12. Nf1 dxe4 13. dxe4 Bd6 14. h3 Bd7 15.
Be3 Ne7 16. Ng3 O-O 17. Nh2 Qc8 18. Nh5 Nxh5 19. Qxh5 f5 20. Bg5 Ra6 21. Rad1
Ng6 22. Nf3 Bc5 23. Rf1 fxe4 24. Bxe4 Bf5 25. Bxf5 Rxf5 26. Qg4 Bd6 27. h4 Qf8
28. c4 Be7 29. Bxe7 Nxe7 30. cxb5 Rg6 31. Qc4+ Kh8 32. Qxc7 Ng8 33. Rd8 Rf7 34.
Qc8 Qxd8 35. Qxd8 Rxf3 36. b6 Rf7 37. Rc1 1-0

[Event "2ème Open International de Haute-Bretagn"]
[Site "RENNES - FRANCE"]
[Date "2009.07.17"]
[Round "3.27"]
[White "Palacios-Aguilar, Diego-Andre"]
[Black "Louis, Corentin"]
[Result "1-0"]
[WhiteElo "1894"]
[BlackElo "1737"]
[PlyCount "57"]
[EventDate "2009.??.??"]

1. e4 c5 2. b3 Nf6 3. e5 Nd5 4. Nf3 Qc7 5. Bb2 e6 6. Nc3 Nxc3 7. Bxc3 b6 8. Be2
d5 9. d4 Ba6 10. O-O Bxe2 11. Qxe2 Nc6 12. Rfe1 g6 13. Bb2 Na5 14. c4 dxc4 15.
d5 cxb3 16. axb3 Bg7 17. Ng5 h6 18. dxe6 hxg5 19. exf7+ Kxf7 20. Qf3+ Ke7 21.
Rad1 Rad8 22. Rd6 Rhf8 23. Qg4 Rf7 24. Qxg5+ Ke8 25. Rxg6 Re7 26. e6 Bf8 27.
Rg8 Rh7 28. Qg6+ Ke7 29. Bf6+ 1-0

[Event "2ème Open International de Haute-Bretagn"]
[Site "RENNES - FRANCE"]
[Date "2009.07.17"]
[Round "3.28"]
[White "Mevel, Mael"]
[Black "Mercier, Jean-Loup"]
[Result "0-1"]
[WhiteElo "1800"]
[BlackElo "1875"]
[PlyCount "55"]
[EventDate "2009.??.??"]

1. e4 c5 2. Nf3 d6 3. d4 cxd4 4. Nxd4 Nf6 5. Nc3 a6 6. Bg5 e6 7. f4 Be7 8. Qf3
h6 9. Bh4 Qc7 10. Bf2 Nbd7 11. O-O-O b5 12. Bd3 Bb7 13. g4 b4 14. Nce2 Rc8 15.
g5 hxg5 16. fxg5 Ne5 17. Qg3 Nxe4 18. Bxe4 Bxe4 19. g6 Bxc2 20. gxf7+ Kd7 21.
f8=N+ Rhxf8 22. Rd2 Be4+ 23. Kd1 Bxh1 24. Nb3 Bd5 25. Rxd5 Qc2+ 26. Ke1 exd5
27. Qh3+ Qf5 28. Qe3 0-1

[Event "2ème Open International de Haute-Bretagn"]
[Site "RENNES - FRANCE"]
[Date "2009.07.18"]
[Round "3.30"]
[White "Josse, Mathilde"]
[Black "Grego, Pierre"]
[Result "0-1"]
[WhiteElo "1688"]
[BlackElo "1870"]
[PlyCount "86"]
[EventDate "2009.??.??"]

1. e4 e5 2. Nf3 d6 3. Nc3 Nf6 4. h3 g6 5. Bc4 Bg7 6. O-O O-O 7. d3 c6 8. Bb3
Nbd7 9. Bg5 Nc5 10. Qd2 a5 11. d4 exd4 12. Bxf6 Qxf6 13. Ne2 Nxe4 14. Qxd4 Qxd4
15. Nexd4 d5 16. c3 Bd7 17. Rac1 a4 18. Bc2 c5 19. Ne2 a3 20. b4 cxb4 21. cxb4
Bb5 22. Bd1 Rac8 23. Re1 Rxc1 24. Nxc1 Bc3 25. Re3 Bc4 26. Bb3 Bxb3 27. Nxb3
Bxb4 28. Rd3 Nc3 29. Nc1 Re8 30. Kf1 Rc8 31. Nd4 Re8 32. Nc2 Ba5 33. g3 Rc8 34.
Nxa3 f6 35. f3 Kf7 36. Nb3 Bb6 37. Ke1 Ke6 38. Nc1 Ba5 39. Kf1 Bb4 40. Nc2 Bf8
41. Ne3 h6 42. Kf2 f5 43. f4 Ne4+ 0-1

[Event "2ème Open International de Haute-Bretagn"]
[Site "RENNES - FRANCE"]
[Date "2009.07.17"]
[Round "3.32"]
[White "Geffroy, Leo"]
[Black "Dupitier, Mickael"]
[Result "1-0"]
[WhiteElo "1662"]
[BlackElo "1864"]
[PlyCount "43"]
[EventDate "2009.??.??"]

1. e4 c6 2. d4 d5 3. e5 c5 4. c3 cxd4 5. cxd4 Nc6 6. Nc3 e6 7. f4 Qb6 8. Nf3
Be7 9. Bd3 Bd7 10. Ne2 Nh6 11. O-O Nf5 12. Bb1 O-O 13. h3 g6 14. g4 Ng7 15. Ng3
f6 16. b3 Rac8 17. Kg2 Nd8 18. h4 Nf7 19. h5 g5 20. exf6 Bxf6 21. fxg5 Be7 22.
Qd3 1-0